Statistics for World Cities to Country #2

Click here to take the quiz!

General Stats

  • This quiz has been taken 805 times
  • The average score is 16 of 20

Answer Stats

City Country % Correct
PhoenixUnited States
97%
BucharestRomania
93%
WinnipegCanada
93%
PalermoItaly
93%
LeipzigGermany
93%
AlexandriaEgypt
91%
DijonFrance
91%
Port-au-PrinceHaiti
88%
GalwayIreland
85%
JaipurIndia
82%
MogadishuSomalia
81%
VientianeLaos
76%
Sana'aYemen
76%
YerevanArmenia
73%
Porto AlegreBrazil
72%
PoznanPoland
72%
FreetownSierra Leone
66%
BridgetownBarbados
62%
StavangerNorway
56%
AbidjanCote d'Ivoire
54%

Score Distribution

Percentile by Number Answered

Percent of People with Each Score

Your Score History

You have not taken this quiz